Statistiques concernant Culture Générale - Série 190

Cliquez ici pour prendre le quiz!

Statistiques générales

  • Ce quiz a été pris 226 fois
  • Le résultat moyen est 6 sur 10

Statistiques - réponses

QuestionRéponse% Correct
De quel pays le yuan est-il la monnaie officielle ?La Chine
96%
Par quel terme désigne-t-on le côté droit d'un navire lorsque l'on regarde vers l'avant. ?Tribord
88%
Quel leader politique a exprimé ses idées dans "Le Petit Livre rouge" ?Mao Tsé-Toung
76%
Quel artiste réalise de célèbres sérigraphies colorées de Marilyn Monroe ?Andy Warhol
64%
Quelle partie du corps de Clovis Cornillac est difforme dans le film "Brice de Nice" ?Ses pieds
61%
De quel département la ville d'Angoulême est-elle le chef-lieu ?La Charente
57%
Quel instrument à roue servait jadis à filer la laine, le chanvre, le lin ?Le rouet
51%
Quelle "ballade" Alain Souchon a-t-il chantée en 1985 ?Ballade de Jim
36%
En 1988, de quelle actrice Alain Souchon célèbre-t-il la beauté ?Ava Gardner
13%
Qui joue l'officier qui séduit Catherine Deneuve dans le film "Indochine" ?Vincent Perez
10%

Distribution des résultats

Percentile par nombre de réponses

% des personnes avec chaque résultat

Votre développement - résultats

Vous n’avez pas pris ce quiz